Tratado teórico y práctico de las hernias en general y de las estranguladas en particular / (Record no. 53924)

MARC details
000 -LEADER
campo de control de longitud fija 00647nam a22001815i 4500
001 - NÚMERO DE CONTROL
campo de control 53924
003 - IDENTIFICADOR DE NÚMERO DE CONTROL
campo de control ES-MaACL
005 - FECHA Y HORA DE LA ÚLTIMA TRANSACCIÓN
campo de control 20230906162844.0
007 - CAMPO FIJO DE DESCRIPCIÓN FÍSICA--INFORMACIÓN GENERAL
campo de control de longitud fija t|
008 - DATOS DE LONGITUD FIJA--INFORMACIÓN GENERAL
campo de control de longitud fija 960708s1803 sp ||||1| spa d
040 ## - FUENTE DE CATALOGACIÓN
Centro catalogador/agencia de origen CAM
Lengua de catalogación spa
Centro/agencia transcriptor CAM
100 1# - ENTRADA PRINCIPAL--NOMBRE DE PERSONA
Nombre de persona Fernández del Valle, Juan.
9 (RLIN) 49735
245 10 - MENCIÓN DEL TÍTULO
Título Tratado teórico y práctico de las hernias en general y de las estranguladas en particular /
Mención de responsabilidad, etc. es original de Juán Fernández del Valle.
260 ## - PUBLICACIÓN, DISTRIBUCIÓN, ETC.
Lugar de publicación, distribución, etc. Madrid :
Nombre del editor, distribuidor, etc. [s.n.],
Fecha de publicación, distribución, etc. 1803 (
Fabricante en la Imprenta de Aznar, se hallará en la librería de Escribano)
300 ## - DESCRIPCIÓN FÍSICA
Extensión 212, [8] p. ;
Dimensiones 15 cm.
650 #4 - PUNTO DE ACCESO ADICIONAL DE MATERIA--TÉRMINO DE MATERIA
Término de materia o nombre geográfico como elemento de entrada Hernias.
9 (RLIN) 136219
852 ## - LOCALIZACIÓN
Ubicación ES-MaACL
Número de control de estantería G-10989
Holdings
Estatus retirado Estado de pérdida Estado de daño No para préstamo Colección Biblioteca de origen Biblioteca actual Ubicación en estantería Fecha de adquisición Fuente de adquisición Total de préstamos Signatura topográfica completa Código de barras Visto por última vez Precio de reemplazo Tipo de ítem Koha
        Libros del s. XIX Biblioteca del Ateneo de Madrid Biblioteca del Ateneo de Madrid Sala Pecera Planta 3 17/01/2008     G-10989 1056669 23/02/2023 23/02/2023 Libro impreso antiguo